| 000 | 00619nmm a2200253 a 4500 | ||
|---|---|---|---|
| 003 | AR-BaBNM | ||
| 005 | 20251128204631.0 | ||
| 008 | 118019s1993 ||||||||||||||000 | spa|| | ||
| 020 | _a950-04-1277-2 | ||
| 040 | _cAR-BaBNM | ||
| 100 | 1 | _aFulghum, Robert | |
| 245 | 1 | 0 | _a¡Ah! todo lo que no se puede decir con palabras |
| 250 | _a1ª ed. | ||
| 260 |
_aBuenos Aires _bEmecé _c1993 |
||
| 300 | 0 | _a223 p. | |
| 650 | 4 | _aLITERATURA ESTADOUNIDENSE | |
| 650 | 4 | _aENSAYO | |
| 650 | 4 | _aVALORES SOCIALES | |
| 650 | 4 | _aHUMOR | |
| 655 | _aLITERATURA | ||
| 700 | 0 |
_aCETI _etraductor |
|
| 942 | _cBK | ||
| 998 | _cMARTIN | ||
| 999 |
_c8166 _d8166 |
||